Quel président français ? - Erreurs Eliminatoires - Statistiques

Statistiques générales
  • Ce quiz a été pris 100 fois
  • Le résultat moyen est 10 sur 20
Statistiques - réponses
Quel président français ... Président % Correct
était en fonction lors de la pandémie COVID 19 Emmanuel Macron
90%
est devenu empereur des Français Louis-Napoléon Bonaparte
88%
a été maire de Tulle entre 2001 et 2008 François Hollande
70%
a eu François Fillon comme Premier Ministre durant toute sa présidence Nicolas Sarkozy
61%
a lancé l'opération Barkhane François Hollande
58%
a été Premier Ministre de Charles de Gaulle Georges Pompidou
58%
a fait passer l'élection du président au suffrage universel direct Charles de Gaulle
56%
s'est éteint en 1996 François Mitterrand
55%
a voté la censure du gouvernement Michel Barnier François Hollande
54%
a dissimulé son cancer pendant la quasi intégralité de ses deux mandats François Mitterrand
52%
a démissionné sous la Vè République Charles de Gaulle
48%
a fait construire un musée d'Art moderne à Paris portant aujourd'hui son nom Georges Pompidou
46%
s'est opposé à la seconde guerre du Golfe Jacques Chirac
45%
a reçu des diamants de la part de Jean-Bedel Bokassa Valéry Giscard d'Estaing
44%
a fait revenir la France dans le commandement intégré de l'OTAN Nicolas Sarkozy
37%
est tombé d'un train Paul Deschanel
34%
a été assassiné à Lyon en 1894 Marie François Sadi Carnot
29%
serait mort dans les bras de sa maîtresse Félix Faure
28%
croyait en les forces de l'esprit François Mitterrand
25%
était Maréchal de France Patrice de Mac-Mahon
20%
Aucun quiz correspondant
Distribution des résultats
% des personnes avec chaque résultat
Percentile par nombre de réponses
Votre historique - résultats
Vous n’avez pas pris ce quiz